LEADER 01344nam a2200325 u 4500 001 000000008769 003 CaOOAMICUS 005 20070226105129.0 008 941111s1974 it u000 u ita u 035 $a10225383 040 $aPUL(R)$bita 041 0 $aita$beng$bfre$bger 100 1 $aGualazzini, Ugo,$d1905-$0(OLS)http://pul/name/8716 245 10$aAttualità di Pier Damiani /$cUgo Gualazzini. 260 $aMilano :$bGiuffrè,$c1974. 300 $a42 p. ;$c27 cm 490 1 $aMonografie sulla storia dell'Ateneo 500 $aSommari in francese, inglese e tedesco. 504 $aNote bibliografiche a piè di pagina. 600 04$aPetrus Damianus,$cs.,$d1007-1072.$0(OLS)http://pul/subject/3146 830 0$aMonografie sulla storia dell'Ateneo (Università degli studi di Parma).$0(OLS)http://pul/title/12832 850 $aPUL 852 $aPUL$W1$xDP1 Fondo Maccarrone$y58$m1522 F 27$j12340$nBK-PRI$b $qFondi$B12340$CPULBib$Z2$F12340 $H $81 941 1 $a1 960 $aPier Damiani,$cs.,$d1007-1072$93146 960 $aPietro Damiani,$cs.,$d1007-1072$93146 960 $aDamiani, Pietro,$cs.,$d1007-1072$93146 961 $aINV: F. Maccarrone 996 $6245$aAttualità di Pier Damiani$9(OLS)http://pul/title/12831 996 $6260$aMilano :$bGiuffrè$9(OLS)http://pul/publisher/48401 LEADER 01447nam a2200289 a 4500 001 000000128963 003 CaOOAMICUS 005 20120518171713.0 008 120518s2012 it o u000 u ita r 040 $aPUL$bita 082 04$a770 245 00$a1931-1940 :$bla fine del sogno e l'era dei totalitarismi. 246 33$aMillenovecentotrentuno-millenovecentoquaranta :$bla fine del sogno e l'era dei totalitarismi 260 $aFirenze :$bE-ducation.it S.p.a.,$c2012$aMilano :$bArnoldo Mondadori,$c2012. 300 $a190 p. :$bfoto. ;$c26 cm. 490 1 $aStoria e fotografia. Un secolo di immagini ;$v3 651 4$aItalia$xStoria$ySec. XX.$0(OLS)http://pul/subject/6333 830 0$aStoria e fotografia. Un secolo di immagini ;$v3.$0(OLS)http://pul/title/162441 850 $aPUL 852 $aPUL$W1$xDP2 Cons. Gen., Altre Classi 3$y97$m770 COLL 1.3$j149351$qDDC 21$B147876$CPULBib$Z2$F147876 $H119471 $82 941 1 $a9 996 $6082$a770$9(OLS)http://pul/classification/2244 996 $6246$aMillenovecentotrentuno-millenovecentoquaranta :$bla fine del sogno e l'era dei totalitarismi$9(OLS)http://pul/title/162963 996 $6245$a1931-1940 :$bla fine del sogno e l'era dei totalitarismi$9(OLS)http://pul/title/162962 996 $6260$aFirenze :$bE-ducation.it S.p.a.$9(OLS)http://pul/publisher/81559 996 $6260$aMilano :$bArnoldo Mondadori$9(OLS)http://pul/publisher/60431